00584nam a22001697a 4500008004400000020001800044082001500062100002200077245007200099250001800171260009900189300004500288653002500333653002000358653001700378653001900395170819s2015 ho||||| |||| 00| 0 spa d a978968887410304a708bC118m1 aCáceres, Nadia.10aMiradas al arte 2014 /ccoordinación general por Nadia Cáceres. a1a edición. aHonduras :bCentro de Arte y Cultura de la Universidad Nacional Autónoma de Honduras,c2015. a108 páginas :bilustraciones en color.10aArte contemporáneo10aArte - Honduras10aExhibiciones10aArtes visuales